| 000 | 01206cam a22003377a 4500 | ||
|---|---|---|---|
| 003 | CHAP | ||
| 005 | 20220329142352.0 | ||
| 008 | 001006d2000 mx a r 00110 spa d | ||
| 010 | _a82480 | ||
| 011 | _a83452 | ||
| 035 | _a93965 | ||
| 040 | _cCHAP | ||
| 090 | _aTesis | ||
| 100 | 0 | 0 |
_aBuendía Rodríguez, Enrique. _915948 |
| 245 | 1 | 0 |
_aAplicaciones de redes neuronales artificiales y técnicas sig para la predicción de coberturas forestales _c/por Enrique Buendía Rodríguez |
| 260 |
_aChapingo, Méx. : _bEl autor, _c2000. |
||
| 300 |
_a74 h. : _bilus. |
||
| 502 | _aTesis (M.C. en Ciencias Forestales) -- UACH. División de Ciencias Forestales | ||
| 590 |
_aALEPH _b10 _c20130110 _lUCH01 _h1438 |
||
| 590 |
_aBATCH-UPD _b10 _c20130110 _lUCH01 _h0814 |
||
| 590 |
_aBATCH-UPD _b10 _c20130410 _lUCH01 _h0451 |
||
| 590 |
_aBATCH-UPD _b10 _c20130914 _lUCH01 _h0721 |
||
| 590 |
_aCONVERSION _b10 _c20130109 _lUCH01 _h1346 |
||
| 650 | 1 | 4 |
_aBosques _xInventarios. _914240 |
| 650 | 1 | 4 |
_aRedes neuronales artificiales. _995387 |
| 901 | _aBK | ||
| 905 | _aLilia Sánchez G. | ||
| 942 | _cFOLL | ||
| 949 |
_bBC _cTES _d33724000806667 _eTS2 _fc.2 _h37124 _i93965 _si |
||
| 949 |
_bBC _cTES _d939651 _eTS1 _h37123 _i93965 _sb |
||
| 999 |
_c82480 _d82480 |
||